Wordt geladen...
Annual Report 1997-98
| Andere auteurs: | |
|---|---|
| Formaat: | Printed Book |
| Taal: | Undetermined |
| Gepubliceerd in: |
Nagpur
Central institute for cotton Research
1998
|
| LEADER | 00517nam a2200169Ia 4500 | ||
|---|---|---|---|
| 008 | 140316s9999 xx 000 0 und d | ||
| 020 | |||
| 082 | |a ICAR/CICR |b AR/1997-98 | ||
| 100 | |||
| 245 | |a Annual Report 1997-98 | ||
| 260 | |a Nagpur |b Central institute for cotton Research |c 1998 | ||
| 300 | |||
| 650 | |||
| 700 | |a Sheoraj et al. | ||
| 942 | |2 ddc |c BK | ||
| 999 | |c 3295 |d 3295 | ||
| 952 | |0 0 |1 0 |2 ddc |4 0 |6 ICARCICR_AR199798 |7 0 |9 3806 |a KAUCLV |b KAUCLV |c GENERAL |d 2014-03-18 |o ICAR/CICR AR/1997-98 |p 207901 |r 2014-03-18 |w 2014-03-18 |y BK | ||